Associez les Stades aux Clubs de Football - Statistiques

Statistiques générales
  • Ce quiz a été pris 614 fois
  • Le résultat moyen est 10 sur 20
Statistiques - réponses
Par images Réponse % Correct
Olympique de Marseille
95%
Borussia Dortmund
86%
FC Liverpool
81%
Real Madrid
79%
Bayern Munich
74%
Atlético Madrid
60%
FC Barcelone
59%
RC Lens
58%
Arsenal
54%
AS Saint-Étienne
54%
FC Séville
40%
DFCO
39%
Juventus Turin
39%
Naples
31%
Newcastle
31%
Olympique Lyonnais
29%
AS Rome
27%
Ajax Amsterdam
24%
Sporting CP
23%
RB Leipzig
10%
Aucun quiz correspondant
Distribution des résultats
% des personnes avec chaque résultat
Percentile par nombre de réponses
Votre historique - résultats
Vous n’avez pas pris ce quiz